|
|
|
|
| LEADER |
00000cam a22000004a 4500 |
| 001 |
musev2_84693 |
| 003 |
MdBmJHUP |
| 005 |
20230905052717.0 |
| 006 |
m o d |
| 007 |
cr||||||||nn|n |
| 008 |
900302s1990 inu o 00 0 eng d |
| 020 |
|
|
|a 9780253055767
|
| 035 |
|
|
|a (OCoLC)1257357098
|
| 040 |
|
|
|a MdBmJHUP
|c MdBmJHUP
|
| 100 |
1 |
|
|a Mayne, Judith.
|
| 245 |
1 |
4 |
|a The Woman at the Keyhole :
|b Feminism and Women's Cinema /
|c Judith Mayne.
|
| 264 |
|
1 |
|a Bloomington :
|b Indiana University Press,
|c 1990.
|
| 264 |
|
3 |
|a Baltimore, Md. :
|b Project MUSE,
|c 2021
|
| 264 |
|
4 |
|c ©1990.
|
| 300 |
|
|
|a 1 online resource:
|b illustrations
|
| 336 |
|
|
|a text
|b txt
|2 rdacontent
|
| 337 |
|
|
|a computer
|b c
|2 rdamedia
|
| 338 |
|
|
|a online resource
|b cr
|2 rdacarrier
|
| 490 |
0 |
|
|a Theories of representation and difference
|
| 505 |
0 |
|
|a Spectacle and narrative -- Female authorship -- Early cinema and women's films.
|
| 506 |
0 |
|
|a Open Access
|f Unrestricted online access
|2 star
|
| 588 |
|
|
|a Description based on print version record.
|
| 650 |
0 |
7 |
|a Frau.
|2 swd
|
| 650 |
0 |
7 |
|a Film.
|2 swd
|
| 650 |
|
7 |
|a Frauenfilm
|2 gnd
|
| 650 |
|
7 |
|a Frau.
|2 gnd
|
| 650 |
|
7 |
|a Film.
|2 gnd
|
| 650 |
|
7 |
|a Feminismus
|2 gnd
|
| 650 |
|
7 |
|a Women in motion pictures.
|2 fast
|0 (OCoLC)fst01177931
|
| 650 |
|
7 |
|a Motion pictures
|x Philosophy.
|2 fast
|0 (OCoLC)fst01027348
|
| 650 |
|
7 |
|a Feminist films.
|2 fast
|0 (OCoLC)fst01715726
|
| 650 |
|
7 |
|a Feminism and motion pictures.
|2 fast
|0 (OCoLC)fst00922742
|
| 650 |
|
7 |
|a PERFORMING ARTS
|x Film & Video
|x Reference.
|2 bisacsh
|
| 650 |
|
6 |
|a Cinema
|x Philosophie.
|
| 650 |
|
6 |
|a Femmes au cinema.
|
| 650 |
|
6 |
|a Cinema feministe.
|
| 650 |
|
6 |
|a Feminisme et cinema.
|
| 650 |
|
0 |
|a Motion pictures
|x Philosophy.
|
| 650 |
|
0 |
|a Women in motion pictures.
|
| 650 |
|
0 |
|a Feminist films.
|
| 650 |
|
0 |
|a Feminism and motion pictures.
|
| 655 |
|
7 |
|a Feminist films.
|2 lcgft
|
| 655 |
|
7 |
|a Feminist films.
|2 fast
|0 (OCoLC)fst01710425
|
| 655 |
|
7 |
|a Electronic books.
|2 local
|
| 710 |
2 |
|
|a Project Muse.
|e distributor
|
| 830 |
|
0 |
|a Book collections on Project MUSE.
|
| 856 |
4 |
0 |
|z Texto completo
|u https://projectmuse.uam.elogim.com/book/84693/
|